000 00565nam a2200217Ia 4500
003 OSt
005 20220927105753.0
006 a|||||r|||| 00| 0
007 ta
008 220926b |||||||| |||| 00| 0 eng d
024 _a207830
037 _cReference Collections
040 _aRTL
_cRTL
_beng
041 _2eng
_aeng
082 _aR635
245 0 _aWorld of Yoga
300 _avarious paginations
_ccm.
500 _aBibliography: P 277-315; Appendix: P 211-52
942 _hR635
_cCC
999 _c694539
_d694539